LIBRARY & INFORMATION CENTRE, KCAET, TAVANUR

ONLINE PUBLIC ACCESS CATALOGUE (OPAC)

Engineering Management / (Record no. 12377)

MARC details
000 -LEADER
fixed length control field 00442cam a2200169ua 4500
020 ## - INTERNATIONAL STANDARD BOOK NUMBER
ISBN 9789812358660
041 ## - LANGUAGE CODE
Language code of text/sound track or separate title eng
082 ## - DEWEY DECIMAL CLASSIFICATION NUMBER
Classification number 658.514
Item number MAZ/EN
100 ## - MAIN ENTRY--AUTHOR NAME
Personal name Fraiddoom , Mazda .
245 ## - TITLE STATEMENT
Title Engineering Management /
260 ## - PUBLICATION, DISTRIBUTION, ETC. (IMPRINT)
Place of publication :
Name of publisher Pearson Education Asia ,
Year of publication 2000.
300 ## - PHYSICAL DESCRIPTION
Number of Pages 658 ; .
942 ## - ADDED ENTRY ELEMENTS (KOHA)
Koha item type Books
Holdings
Withdrawn status Lost status Damaged status Home library Current library Date acquired Full call number Accession Number Koha item type
      KAUAET KAUAET 07/04/2012 658.514 MAZ/EN 20929 Books
free website counter